Population dynamics of trees in dipterocarp forest of peninsular Malaysia / (Registro nro. 21)

Detalles MARC
000 -CABECERA
Campo de control 00864nam a2200265 i 4500
005 - FECHA Y HORA DE LA ULTIMA TRANSACCION
Campo de control 20160213135136.0
008 - ELEMENTOS DE LONGITUD FIJA—INFORMACION GENERAL
Campo de control 140113b1994 my ||||| |||| 00| 0 eng d
040 ## - FUENTE DE CATALOGACIÓN
Agencia catalogadora original CO-BoIAVH
Agencia transcriptora CO-BoIAVH
041 ## - IDIOMA
Código de idioma para texto/pista de sonido o título separado Inglés
044 ## - PAÍS DE PUBLICACIÓN
País de publicación Inglaterra
082 04 - NUMERO DE CLASIFICACION DECIMAL DEWEY
Número de clasificación 582.16
Número del ítem M28p
100 1# - ASIENTO PRINCIPAL--NOMBRE PERSONAL
Nombre personal Manokaran, N.
9 (RLIN) 3489
245 10 - MENCION DE TITULO
Título Population dynamics of trees in dipterocarp forest of peninsular Malaysia /
Mención de responsabilidad N. Manokaran & M. D. Swaine.
260 ## - PUBLICACION, DISTRIBUCION, ETC. (PIE DE IMPRENTA)
Lugar de publicación, distribución, etc. Malasia:
Nombre del editor, distribuidor, etc. Forest Research Institute Malaysia
Fecha de publicación, distribución, etc. 1994
300 ## - DESCRIPCION FISICA
Extensión 173 páginas
650 14 - ASIENTO SECUNDARIO DE MATERIA - TERMINO TEMATICO
Término temático o nombre geográfico como elemento de entrada Árboles
Subdivisión geográfica Malasia
9 (RLIN) 59531
650 24 - ASIENTO SECUNDARIO DE MATERIA - TERMINO TEMATICO
Término temático o nombre geográfico como elemento de entrada Bosques tropicales
Subdivisión geográfica Malasia
9 (RLIN) 59532
650 24 - ASIENTO SECUNDARIO DE MATERIA - TERMINO TEMATICO
Término temático o nombre geográfico como elemento de entrada Dinámica de poblaciones
Subdivisión geográfica Malasia
9 (RLIN) 59533
650 24 - ASIENTO SECUNDARIO DE MATERIA - TERMINO TEMATICO
Término temático o nombre geográfico como elemento de entrada Ecología
9 (RLIN) 59534
650 24 - ASIENTO SECUNDARIO DE MATERIA - TERMINO TEMATICO
Término temático o nombre geográfico como elemento de entrada propagación de árboles
9 (RLIN) 39619
650 ## - ASIENTO SECUNDARIO DE MATERIA - TERMINO TEMATICO
Término temático o nombre geográfico como elemento de entrada Dinámica de bosques
9 (RLIN) 3492
700 1# - ASIENTO SECUNDARIO - NOMBRE PERSONAL
Nombre personal Swaine, M.D.,
Término de relación autor.
9 (RLIN) 3493
942 ## - ELEMENTOS ADICIONALES (KOHA)
Tipo de ítem Libro
Sistema de clasificación Dewey Decimal Classification
945 ## - PROCESAMIENTO LOCAL
AAAA-MM-DD - Fecha de ingreso o modificacion 2003-12-15
Existencias
Withdrawn status Lost status Sistema de Clasificación Damaged status No para préstamo Colección Inventariado Ubicación Permanente Ubicación actual Fecha de adquisición Fuente de Valor Valor Total Checkouts Número topográfico Inventario / Código de Barras Date last seen Ejemplar Price effective from Forma de adquisición Tipo de material Public note
    Dewey Decimal Classification     General Inventariado 2017 Bogotá Bogotá 15/12/2003 Instituto 39000.00   LB-582.16 M28p 015107 04/12/2012 Ej. 1 04/12/2012   Libro Consulta en sala (Fotocopia)